[Event "Elitserien Allsvenskan 2018-19"]
[Site "Sweden"]
[Date "2019.03.29"]
[Round "7.3"]
[White "Hillarp Persson, Tiger"]
[Black "Barkhagen, Jonas"]
[Result "1-0"]
[WhiteElo "2558"]
[BlackElo "2424"]
[Annotator "TA"]
[PlyCount "83"]
[EventDate "2018.11.09"]
[EventType "team-tourn"]
[EventCountry "SWE"]
[SourceTitle "playchess.com"]
[Source "ChessBase"]
[SourceQuality "1"]

{[%evp 17,83,-4,-2,-22,-14,-21,-29,-26,0,0,-2,-12,-12,-44,59,39,42,28,41,33,9,-40,-36,-12,-23,-27,50,48,75,62,135,126,136,125,174,182,452,452,452,452,452,452,452,446,433,423,414,421,532,532,518,518,736,736,736,736,736,729,729,718,710,535,668,535,1752,1663,1328,1328]} 1. Nf3 d5 2. g3 Nf6 3. Bg2 c6 4. c4 dxc4 5. O-O Nbd7 6. Qc2 Nb6 7. Na3 Be6 {A11: English Opening: 1...c6} (7... g6 8. Nxc4 Nxc4 9. Qxc4 Bg7 10. d3 O-O 11. Bd2 Nd5 12. Qc1 a5 13. Bh6 Bg4 14. Bxg7 Kxg7 15. Ne5 {½-½ (40) Aronian,L (2794)-Vitiugov,N (2735) Karlsruhe/Baden-Baden 2018}) 8. b3 cxb3 9. axb3 g6 {LiveBook: 19 Games. The position is equal.} 10. e4 Bg7 {Strongly threatening ...Nxe4!} 11. d4 O-O 12. Bb2 a5 $146 ({Predecessor:} 12... Ne8 13. Nc4 Nxc4 14. bxc4 b5 15. cxb5 cxb5 {1-0 (27) Mikaelyan,A (2496)-Hayrapetyan,A (2371) Yerevan 2018}) 13. Ng5 Bc8 14. Nc4 a4 15. Ne5 {[%cal Rb3a4]} h6 (15... a3 $1 $15 16. Bxa3 Rxa3 17. Rxa3 Qxd4) 16. Ngxf7 Rxf7 17. bxa4 Be6 $1 18. a5 Nbd7 {Threatens to win with ...Nxe5.} 19. Nxg6 Rxa5 20. Rxa5 Qxa5 21. Ra1 Qb6 (21... Qd8 $11) 22. Ra8+ $14 Nf8 {...Ng4 is the strong threat.} 23. Ne5 N6d7 (23... Bb3 $14 24. Qd2 Be6) 24. Nxf7 $16 Bxf7 25. e5 Qc7 {[#] intending ...Nb6.} 26. Bc3 $1 Nb6 $2 (26... Qb6 27. Bh3 e6) 27. Ba5 $18 Nxa8 28. Bxc7 Nxc7 29. Qb2 Nb5 {[#]} 30. d5 $1 {[%mdl 512]} Nd6 (30... cxd5 31. Qxb5) 31. dxc6 bxc6 32. f4 Bd5 {White is clearly winning.} 33. Bxd5+ cxd5 34. Qd2 Nf7 35. Qxd5 e6 36. Qd1 Nh8 37. Qb3 Kh7 38. Kg2 Nhg6 39. Qb7 Kg8 40. Kf3 Nxe5+ 41. fxe5 Bxe5 42. Kg4 {Precision: White = 68%, Black = 40%.} 1-0

[Event "Elitserien Allsvenskan 2018-19"]
[Site "Sweden"]
[Date "2019.03.29"]
[Round "7.3"]
[White "Gdanski, Jacek"]
[Black "Akesson, Ralf"]
[Result "1-0"]
[WhiteElo "2465"]
[BlackElo "2343"]
[Annotator "TA"]
[PlyCount "81"]
[EventDate "2018.11.09"]
[EventType "team-tourn"]
[EventCountry "SWE"]
[SourceTitle "playchess.com"]
[Source "ChessBase"]
[SourceQuality "1"]

{[%evp 22,81,56,53,67,54,81,50,55,47,76,69,86,83,82,81,80,87,87,89,95,67,64,64,79,69,69,66,100,100,114,121,154,147,152,153,163,129,204,171,170,167,566,567,557,522,625,0,385,0,608,594,720,689,629,485,477,467,441,433,525,520]} 1. e4 c5 2. Nc3 Nc6 3. Nf3 e6 4. d4 cxd4 5. Nxd4 Qc7 6. g3 a6 7. Bg2 Nf6 8. O-O d6 9. Re1 Nxd4 10. Qxd4 e5 {B80: Sicilian Scheveningen: 6 g3 and 6 Be3, including English Attack} 11. Qd3 h6 12. a4 {LiveBook: 3 Games} Be7 {White is slightly better.} 13. a5 Bd7 $146 ({Predecessor:} 13... Be6 14. Bd2 Rc8 15. b3 O-O 16. Ra2 Rfd8 17. Nd5 Nxd5 18. exd5 Bd7 {1-0 (60) Moskalenko,A (2533)-Gorbatov,A (2397) Moscow 2018}) 14. Bd2 Rc8 15. Rec1 Bd8 16. b3 Qb8 17. Nd1 {[%cal Bc3d1,Bd1e3,Be3c4][%mdl 32]} O-O 18. Bb4 Rc6 19. Ne3 Re8 20. Rd1 {[%cal Rb4d6]} Be7 21. h3 b5 22. axb6 Qxb6 23. c3 Qb7 24. Nc4 {Strongly threatening Na5.} Qc8 25. Bxd6 Be6 {[%cal Re6c4]} 26. Bxe5 Bxh3 27. Bxf6 Rxf6 28. e5 Bxg2 29. Kxg2 (29. exf6 {gets mated.} Qh3 30. f3 Bc5+ 31. Ne3 Bxf3 32. Qd4 Rxe3 33. Rd2 Bxd4 34. cxd4 Qxg3+ 35. Kf1 Be2+ $1 {[%mdl 512]} 36. Rxe2 Rf3+ 37. Rf2 Qxf2#) 29... Rf5 (29... Re6 $16 {keeps fighting.} 30. Qd5 Qc7) 30. Qd7 {Black must now prevent Qxc8.} Qa8+ {[#]} 31. Qd5 $1 {[%cal Rd5a8] Qxa8 is the strong threat.} Bc5 $2 (31... Qc8 {is tougher.} 32. Rh1 Rd8) 32. f4 $18 Qc8 33. Qd7 Qa8+ 34. Qd5 Qc8 $1 35. Qd7 (35. Ra5 $142 Be7 36. Qf3) 35... Qa8+ {[#]} 36. Rd5 $1 {White is clearly winning.} Bf8 37. Nb6 Qb8 38. Qxf5 {And now Rd7 would win.} Qxb6 39. Rd7 Qxb3 40. Rxa6 Qc4 {intending ...Qe2+.} 41. Qd3 {Accuracy: White = 63%, Black = 61%.} 1-0

[Event "Elitserien Allsvenskan 2018-19"]
[Site "Sweden"]
[Date "2019.03.29"]
[Round "7.3"]
[White "Lokander, Martin"]
[Black "Hansen, Mads"]
[Result "1-0"]
[WhiteElo "2432"]
[BlackElo "2413"]
[Annotator "TA"]
[PlyCount "105"]
[EventDate "2018.11.09"]
[EventType "team-tourn"]
[EventCountry "SWE"]
[SourceTitle "playchess.com"]
[Source "ChessBase"]
[SourceQuality "1"]

{[%evp 22,105,6,10,18,-20,5,10,15,0,0,0,0,0,0,22,14,0,14,-35,0,0,0,0,22,-1,35,30,29,15,23,-4,-20,-87,82,44,58,12,22,20,57,29,17,25,99,97,121,63,98,90,86,0,97,0,97,86,81,84,80,35,93,44,77,29,78,0,18,10,137,0,0,7,15,15,97,79,72,71,185,174,1011,1010,29988,264,29989,29989]} 1. c4 c5 2. Nc3 Nc6 3. Nf3 e5 4. g3 g6 5. Bg2 Bg7 6. O-O d6 7. a3 a5 8. Ne1 Be6 9. d3 Nge7 10. Bg5 f6 11. Bd2 O-O 12. Rb1 Rb8 {A37: Symmetrical English vs ...g6: 4 Bg2 Bg7 5 Nf3} (12... d5 13. cxd5 Nxd5 14. Qb3 Nc7 15. Qb6 Nd4 16. Nf3 Ra6 17. Qxb7 Nxe2+ 18. Kh1 Nxc3 19. bxc3 Bd5 20. Qb2 {0-1 (59) Svidler,P (2745)-Giri,A (2755) Moscow 2016}) 13. b4 $146 ({Predecessor:} 13. Nc2 d5 14. cxd5 Nxd5 15. Ne3 Nde7 16. Na4 b6 17. b4 axb4 18. axb4 Qd6 19. bxc5 bxc5 20. Rb6 {½-½ (48) Schlosser,P (2602)-Narayanan,S (2475) Pardubice 2013}) 13... cxb4 14. axb4 Nxb4 {The position is equal.} 15. Nc2 Nec6 16. Nd5 {[%cal Rc2b4]} Na6 17. Qc1 Rf7 18. Qa3 f5 19. Rb5 Nc5 20. e3 Ra8 21. Rd1 $1 Ra6 22. Be1 Bd7 23. Rbb1 Bc8 24. f4 Ne6 25. Rb5 g5 26. fxg5 Qxg5 27. Nb6 ({Don't go for} 27. Qxd6 $2 Bf8 $19) (27. Rd2 $11) 27... Qd8 $2 (27... Rxb6 $1 $17 28. Rxb6 f4) 28. Nxc8 Qxc8 29. Bf2 Nc7 30. Rbb1 Nd8 31. Qb3 {[%mdl 1024] White has compensation.} a4 32. Qa2 Bf8 (32... Kh8 $11) 33. Nb4 $16 Ra5 34. Nd5 ({White should play} 34. Bh3 $1 $16) 34... Nce6 35. Nb6 Qc7 36. Nd5 (36. Nxa4 Nc5 $17) (36. d4 $16) 36... Qd7 (36... Qc8 $1 $11 {remains equal.}) 37. Nb6 Qc7 38. Be1 ({Inferior is} 38. Nxa4 Nc5 $17) 38... Ra6 39. Nd5 (39. Nxa4 $2 Nc5 $17) 39... Qd7 40. Rb6 Ra7 (40... Bg7 $14) 41. Nc3 Kh8 42. Bf2 Ra8 43. Qc2 (43. d4 $16) 43... Bg7 44. Nb5 $36 {[%mdl 2048] White is more active.} Nc6 {[#]} (44... a3 $11) 45. d4 (45. Rxb7 $1 $16 {[%mdl 512]} Qxb7 46. Nxd6 {[%mdl 64] Double Attack}) 45... exd4 $1 $11 46. exd4 Ng5 $1 47. c5 Ne4 (47... dxc5 $11 {keeps the balance.} 48. dxc5 Qe6) 48. Bxe4 fxe4 49. Nxd6 {[%mdl 64] Double Attack} Rxf2 (49... Rff8 $16 {was worth a try.}) 50. Qxf2 $18 a3 $2 (50... Rf8 51. Qe3 (51. Rxb7 Qg4 $11) 51... Qg4) 51. Rxb7 Qg4 52. Nf7+ Kg8 {[#]} 53. Nh6+ $1 {[%mdl 576] Double Attack. Accuracy: White = 44%, Black = 34%.} 1-0

[Event "Elitserien Allsvenskan 2018-19"]
[Site "Sweden"]
[Date "2019.03.29"]
[Round "7.3"]
[White "Nygren, David"]
[Black "Degerman, Lars"]
[Result "0-1"]
[WhiteElo "2266"]
[BlackElo "2454"]
[Annotator "TA"]
[PlyCount "88"]
[EventDate "2018.11.09"]
[EventType "team-tourn"]
[EventCountry "SWE"]
[SourceTitle "playchess.com"]
[Source "ChessBase"]
[SourceQuality "1"]

{[%evp 22,88,14,-21,-13,-20,-23,-46,-60,-84,-49,-60,-40,-31,-44,-32,-45,-38,0,0,0,-45,-56,-46,-52,-60,-71,-67,0,0,0,-80,-65,-89,-64,-66,-66,-93,-62,-68,-75,-65,-71,-96,-58,-45,-58,-114,-27,-47,31,0,231,220,1368,794,1334,1361,1746,0,756,0,1516,473,451,-395,-391,-717,-442]} 1. e4 c5 2. c3 Nf6 3. e5 Nd5 4. d4 cxd4 5. Nf3 d6 6. cxd4 Nc6 7. Bc4 Nb6 8. Bb5 dxe5 9. Nxe5 Bd7 10. Nxd7 Qxd7 11. Nc3 e6 12. Qg4 h5 {B22: Sicilian: 2 c3} 13. Qg3 h4 14. Qg5 $146 ({Predecessor:} 14. Qf3 h3 15. g3 a6 16. Bxc6 Qxc6 17. Qxc6+ bxc6 18. O-O O-O-O 19. Be3 Kb7 20. Rac1 {1-0 (42) Okhotnik,V (2486)-Esserman,M (2439) Forni di Sopra 2011}) 14... h3 {Black is slightly better.} 15. Be3 a6 16. Be2 hxg2 17. Qxg2 Nxd4 18. Bxd4 Qxd4 19. Rd1 Qe5 20. Qxb7 {[%mdl 64] Double Attack} Bc5 21. Qc6+ (21. f4 $5 Qe3 22. Rd3 Qc1+ {[%mdl 64] Double Attack} 23. Rd1 $11) 21... Ke7 22. f4 Qe3 23. Qc7+ Ke8 {...Qf2+ is the strong threat.} 24. Qc6+ Ke7 25. Qc7+ $1 Ke8 26. Qc6+ $1 Kf8 27. Rd3 $1 {[%cal Rd3e3] [#]} Qf2+ $1 28. Kd1 Rc8 29. Qb7 {Strongly threatening Ne4.} Rxh2 30. Rxh2 Qxh2 31. f5 exf5 {[#] And now ...Kg8 would win.} 32. Rd7 $1 {[%mdl 512]} Qg1+ (32... Nxd7 33. Qxc8+) 33. Kc2 Qg6 34. Bc4 ({Better is} 34. Bxa6 $15 Re8 35. Rd1) 34... Be7 ({Black should try} 34... f4+ $17 35. Bd3 Qe6) 35. Bxa6 $11 Bd8 (35... Re8 $15 36. Rd2 f4+ 37. Bd3 Qf6) 36. Rd2 {[%mdl 1024] Hoping for Qh1. White has compensation.} (36. Rd3 $5 {[%cal Rb7h1]} Qh6 37. Qf3 $11) 36... Qf6 $2 (36... Bg5 $11 {and Black is okay.} 37. Rg2 f4+ 38. Bd3 Qf6) 37. Qh1 $40 {[%mdl 128] White attacks with force.} Rb8 $2 (37... Rxc3+ 38. bxc3 g6) 38. Qh8+ Ke7 39. Re2+ Kd6 40. Rd2+ (40. Qh2+ $142 f4 41. Ne4+ {[%mdl 64] Double Attack} Kc6 42. Nxf6 Bxf6 43. Qxf4) 40... Ke7 $1 41. Re2+ (41. Bb5 $142 Qe5 42. Re2 Qxe2+ 43. Bxe2) 41... Kd6 42. Qf8+ (42. Qh2+ $142 f4 43. Ne4+ {[%mdl 64] Double Attack} Kc6 44. Nxf6 Bxf6 45. Qxf4) 42... Kc6 43. b4 $4 {[%mdl 8192] [#]} (43. Qe8+ $18 {and all is fine.} Nd7 44. a4 (44. Rd2 Qe6 $16)) 43... Qxc3+ $1 $19 {[%mdl 512]} 44. Kb1 $2 {[#]} (44. Kxc3 Bf6+ {[%mdl 64] Discovered Attack} 45. Kb3 Rxf8 46. a4) 44... Qa1+ $1 {[%mdl 512] Accuracy: White = 56%, Black = 50%.} 0-1

[Event "Elitserien Allsvenskan 2018-19"]
[Site "Sweden"]
[Date "2019.03.29"]
[Round "7.3"]
[White "Nyander, Joakim"]
[Black "Berg, Emanuel"]
[Result "0-1"]
[WhiteElo "2216"]
[BlackElo "2543"]
[Annotator "TA"]
[PlyCount "108"]
[EventDate "2018.11.09"]
[EventType "team-tourn"]
[EventCountry "SWE"]
[SourceTitle "playchess.com"]
[Source "ChessBase"]
[SourceQuality "1"]

{[%evp 16,108,16,6,22,27,15,21,25,17,23,19,28,7,10,0,0,0,0,0,0,0,3,0,0,0,-4,-49,-10,-41,0,-68,-24,-44,0,0,0,0,0,0,23,0,0,-8,-4,0,56,0,56,0,0,0,-8,0,0,0,0,-17,0,-74,-60,-80,-77,-73,-70,-156,-148,-201,-222,-314,-318,-368,-342,-342,-341,-333,-296,-293,-284,-501,-477,-630,-633,-635,-621,-629,-462,-525,-458,-799,-783,-29966,-29970,-29985,-29986]} 1. c4 f5 2. g3 Nf6 3. Bg2 g6 4. Nc3 Bg7 5. d3 d6 6. e4 Nc6 7. Nge2 O-O 8. O-O e5 9. Nd5 fxe4 {A26: English Opening vs King's Indian with ...Nc6 and d3} (9... Be6 10. h3 Qd7 11. Kh2 Rae8 12. Be3 Nh5 13. exf5 gxf5 14. f4 Nf6 15. Qd2 Rf7 16. Rae1 Kh8 17. Nxf6 Bxf6 18. b3 {1-0 (41) Tomashevsky,E (2705)-Sychev,K (2537) St Petersburg 2018}) 10. dxe4 Be6 11. Bg5 Qd7 {The position is equal.} 12. Qd2 Rf7 13. f3 Raf8 14. Rac1 {[#]} Nd8 $146 ({Predecessor:} 14... Bh3 15. Nxf6+ Bxf6 16. Be3 Bg7 17. Rcd1 b6 18. b4 h5 19. c5 dxc5 20. bxc5 Qxd2 21. Rxd2 {0-1 (64) Harutyunian,T (2472)-Cori Tello,J (2549) Sitges 2015}) 15. b3 Bh3 16. Rcd1 Bxg2 17. Kxg2 Ne6 18. Be3 Ne8 19. Qa5 c6 {...b6 is the strong threat.} 20. Ndc3 b6 21. Qa4 Qc8 22. Rd2 h5 23. Rdd1 (23. h4 $11) 23... Kh7 (23... h4 $5 24. gxh4 Bf6 $11) 24. Qa3 c5 (24... h4 $5) 25. Qc1 Nd4 26. Ng1 Nc7 27. Qd2 a6 28. Rb1 b5 29. Nd5 Nxd5 30. cxd5 {[#]} b4 (30... h4 $1 $11 {[%mdl 512]}) 31. Rf2 (31. Nh3 $14) 31... a5 (31... Kg8 $11) 32. Qd3 (32. Nh3 $14) 32... Bh6 $36 {[%mdl 2048] White is under pressure.} 33. Bxh6 Kxh6 34. Rbf1 Rc7 35. Ne2 Kg7 36. Rc1 Rff7 37. Rcf1 (37. h4 $11 {remains equal.}) 37... c4 $17 38. bxc4 Nxe2 39. Qxe2 Rxc4 40. f4 {[#]} (40. Qd1 $15) 40... exf4 $1 41. gxf4 {[#]} (41. Qd3 $17) 41... Rxf4 $1 $19 {[%mdl 512]} 42. Qb2+ (42. Rxf4 $142 Rc2 43. R1f2 (43. Rf7+ $2 Kh6 $19) 43... Rxe2 44. Rxe2) 42... Kh7 43. Rxf4 {White wants to mate with Rf7+.} Rc2+ 44. Qxc2 Qxc2+ {[%mdl 4096] Endgame KQ-KRR} 45. R1f2 Qc4 46. Rf7+ Kh6 47. Re7 $2 (47. R7f4 {was the only chance.}) 47... a4 {[%cal Ba5a4,Ba4b3,Bb3b2][%mdl 32]} 48. h4 b3 49. axb3 axb3 50. Re6 Qb5 51. Rb2 Qd3 52. Rf2 (52. Re8 $142) 52... Qd1 53. Rff6 Qg4+ {[%mdl 64] Double Attack} 54. Kf2 b2 {Accuracy: White = 34%, Black = 71%.} 0-1

[Event "Elitserien Allsvenskan 2018-19"]
[Site "Sweden"]
[Date "2019.03.29"]
[Round "7.4"]
[White "Neiksans, Arturs"]
[Black "Ahlander, Bjorn"]
[Result "1/2-1/2"]
[WhiteElo "2559"]
[BlackElo "2426"]
[Annotator "TA"]
[PlyCount "118"]
[EventDate "2018.11.09"]
[EventType "team-tourn"]
[EventCountry "SWE"]
[SourceTitle "playchess.com"]
[Source "ChessBase"]
[SourceQuality "1"]

{[%evp 9,118,22,25,18,30,35,34,27,44,44,46,40,51,27,56,39,70,71,83,75,69,68,124,102,137,122,117,79,87,85,94,97,98,19,14,11,14,12,15,18,14,-8,-6,-13,0,0,0,0,0,0,0,0,0,0,0,0,0,0,0,0,0,0,0,0,0,0,-6,-8,0,0,0,0,0,0,0,0,0,-1,0,0,0,0,0,0,0,-8,0,0,0,0,0,0,0,0,0,0,0,0,0,-8,0,0,0,0,0,0,0,0,0,0,0]} 1. e4 c5 2. Nf3 d6 3. Bb5+ Nd7 4. O-O a6 5. Bd3 (5. Bxd7+ Bxd7 6. d4 cxd4 7. Qxd4 e5 8. Qd3 h6 9. a4 Nf6 10. a5 Be7 11. c4 b5 12. axb6 Qxb6 13. Nc3 O-O 14. Be3 Qb7 15. h3 Rfc8 16. Nd2 Be6 17. Rfb1 a5 18. b3 Ra6 19. Ra2 Bd7 20. Rba1 {½-½ (20) Wang,H (2730)-Nepomniachtchi,I (2763) St Petersburg 2018}) 5... Ngf6 6. Re1 {B51: Sicilian: Moscow Variation (3 Bb5+) without 3...Bd7} e5 7. c3 g6 8. Bf1 {White is slightly better.} Bh6 $146 ({Predecessor:} 8... Bg7 9. d4 Qc7 10. dxe5 dxe5 11. c4 O-O 12. Nc3 b6 {½-½ (30) Nandhini,S (1896)-Priyanka,K (2207) Jaipur 2018}) 9. d4 Bxc1 10. Qxc1 O-O 11. Qg5 {[%cal Rd4e5]} Nh5 12. Qe3 b6 13. Nbd2 Qe7 14. Nc4 b5 15. Na5 Nb8 ({Better is} 15... Re8 $14) 16. dxe5 dxe5 {[#]} 17. a4 $1 Bd7 18. Nb3 {Strongly threatening axb5.} c4 19. Qc5 Re8 20. Qxe7 Rxe7 21. Nbd2 ({White should play} 21. Nc5 $16) 21... Bc6 $11 {The position is equal.} 22. axb5 axb5 23. Rxa8 Bxa8 24. b3 cxb3 $1 25. Rb1 Nf6 26. Rxb3 Nxe4 27. Rxb5 Nd7 28. Ra5 Bc6 29. Nxe4 Bxe4 30. Ng5 Bf5 31. Bc4 Kg7 32. Nxf7 Rxf7 33. Bxf7 Kxf7 34. f3 h5 35. Kf2 Be6 36. Rb5 Ke7 37. Ke3 Kd6 38. f4 Bf5 39. fxe5+ Nxe5 40. Kf4 Nd3+ 41. Ke3 {Rxf5! is the strong threat.} Ne5 42. h3 Bd7 43. Rb4 Bc6 44. Rd4+ Ke6 45. g3 g5 46. Rd8 Nf7 47. Rb8 Bg2 48. h4 gxh4 49. gxh4 Bh3 50. Kf4 Nd6 51. Rg8 Kf6 52. Rg5 Bg4 53. Rc5 Ke6 54. c4 Nf5 55. Kg5 Nd4 56. Kg6 Nf3 57. Rxh5 Bxh5+ 58. Kxh5 Kd6 (58... Ke7 $5) 59. Kg4 {[#]} Nxh4 $1 {[%mdl 512] Accuracy: White = 71%, Black = 59%.} 1/2-1/2

[Event "Elitserien Allsvenskan 2018-19"]
[Site "Sweden"]
[Date "2019.03.29"]
[Round "7.4"]
[White "Cramling, Pia"]
[Black "Schutz, Ingemar"]
[Result "1-0"]
[WhiteElo "2460"]
[BlackElo "2195"]
[Annotator "TA"]
[PlyCount "59"]
[EventDate "2018.11.09"]
[EventType "team-tourn"]
[EventCountry "SWE"]
[SourceTitle "playchess.com"]
[Source "ChessBase"]
[SourceQuality "1"]

{[%evp 15,59,37,36,24,81,82,75,71,68,64,70,0,18,16,33,-22,68,69,77,78,114,124,204,200,412,374,403,402,660,665,634,647,1156,1168,1262,1244,1598,1642,1518,815,1739,1654,29995,29996,29998,29999]} 1. Nf3 Nf6 2. c4 g6 3. Nc3 Bg7 4. e4 d6 5. d4 O-O 6. h3 e5 7. d5 Na6 8. Be3 Nh5 9. g3 {E90: King's Indian: Classical: Early deviations and 6 h3} (9. a3 c5 10. dxc6 bxc6 11. b4 f5 12. Qa4 c5 13. Rd1 Bb7 14. bxc5 f4 15. c6 fxe3 16. cxb7 exf2+ 17. Kd2 Nc5 18. bxa8=Q Qxa8 {0-1 (18) Kovalenko,I (2684)-Mamedov,R (2688) Tallinn 2016}) 9... Qe8 (9... f5 $11 {keeps the balance.}) 10. Be2 $16 f5 11. exf5 {White is better.} gxf5 12. Nh4 Nf6 13. Qc2 (13. Rg1 $14) 13... Nb4 (13... f4 $5 14. gxf4 exf4 $11) 14. Qb3 a5 15. O-O-O {[#]} (15. a3 $14 Na6 16. Qc2) 15... b6 $146 ({Better is} 15... Nd7 $1 $11) ({Predecessor:} 15... Bd7) 16. a3 $14 Na6 17. Qc2 Qd7 18. Rhg1 Nc5 {[#]} (18... Ne4 $16) 19. g4 $1 $18 f4 $2 (19... Qf7 20. Nxf5 (20. gxf5 Kh8 $16) 20... Bxf5 21. gxf5 Kh8) 20. Bxc5 $1 bxc5 21. g5 Ne8 (21... f3 $142) 22. Bd3 e4 23. Bxe4 Be5 24. g6 h6 {[#]} 25. g7 $1 {[%mdl 512]} Nxg7 (25... Bxg7 26. Bh7+) 26. Bh7+ Kf7 27. Rde1 {Black must now prevent Rxe5!} Ne8 28. Bf5 Qd8 {[#]} 29. Be6+ $1 {[%mdl 576] Decoy} Bxe6 30. Qg6+ {[%mdl 64] Double Attack. Accuracy: White = 67%, Black = 27%.} 1-0

[Event "Elitserien Allsvenskan 2018-19"]
[Site "Sweden"]
[Date "2019.03.29"]
[Round "7.4"]
[White "Lindgren, Philip"]
[Black "Ertan, Can"]
[Result "1-0"]
[WhiteElo "2383"]
[BlackElo "2404"]
[Annotator "NA RC"]
[PlyCount "71"]
[EventDate "2018.11.09"]
[EventType "team-tourn"]
[EventCountry "SWE"]
[SourceTitle "playchess.com"]
[Source "ChessBase"]
[SourceQuality "1"]
[TimeControl "40/5400+30:1800+30"]

1. d4 {[%emt 0:00:00]} Nf6 {[%emt 0:00:00]} 2. c4 {[%emt 0:00:00]} e6 {[%emt 0:00:00]} 3. Nf3 {[%emt 0:00:27]} b6 {[%emt 0:00:00]} 4. g3 {[%emt 0:01:39]} Ba6 {[%emt 0:00:00]} 5. b3 {[%emt 0:04:56]} Bb4+ {[%emt 0:00:00]} 6. Bd2 {[%emt 0:00:26]} Be7 {[%emt 0:00:01]} 7. Bg2 {[%emt 0:01:20]} c6 {[%emt 0:01:12]} 8. Bc3 {[%emt 0:06:23]} O-O {[%emt 0:02:56]} 9. Nbd2 {[%emt 0:02:25]} d5 {[%emt 0:00:15]} 10. Ne5 {[%emt 0:06:56]} Nfd7 {[%emt 0:00:06]} 11. Nxd7 {[%emt 0:02:37]} Nxd7 {[%emt 0:00:32]} 12. O-O {[%emt 0:00:46]} Rc8 {[%emt 0:02:29]} 13. Re1 {[%emt 0:06:19]} Bf6 {[%emt 0:15:37] E15: Queen's Indian: 4 g3 sidelines, 4 g3 Ba6 and 4 g3 Bb7 early deviations} (13... c5 14. cxd5 exd5 15. Rc1 cxd4 16. Bxd4 Nc5 17. Bb2 d4 18. Nf3 d3 19. exd3 Nxd3 20. Rxc8 Qxc8 21. Rxe7 Nxb2 {½-½ (77) Eljanov,P (2717)-Karjakin,S (2762) Baku 2015}) 14. e4 {[%emt 0:03:37]} dxc4 $146 {[%emt 0:00:46]} ({Predecessor:} 14... Re8 15. Rc1 dxc4 16. Nxc4 Nf8 17. Ne3 Bb7 18. e5 Be7 19. f4 Qd7 20. Qg4 c5 21. d5 exd5 22. Qxd7 Nxd7 23. Nxd5 {1-0 (36) Nagel,B (2224)-Suchin,D (2168) Berlin 2004}) 15. e5 {[%emt 0:03:26]} Be7 {[%emt 0:04:48]} 16. bxc4 {[%emt 0:03:34]} Qc7 {[%emt 0:04:43]} 17. Qg4 {[%emt 0:08:56]} Rfd8 {[%emt 0:04:28]} 18. Rad1 {[%emt 0:02:34]} Rb8 {[%emt 0:01:46]} 19. h4 {[%emt 0:09:26]} b5 {[%emt 0:01:24]} 20. c5 {[%emt 0:01:15]} b4 {[%emt 0:00:35]} 21. Ba1 {[%emt 0:03:54]} Bd3 {[%emt 0:07:52]} 22. Qf3 {[%emt 0:03:44]} Bb5 {[%emt 0:00:03]} 23. Ne4 {[%emt 0:01:21]} Qa5 {[%emt 0:02:26] [#]} (23... Qc8 $16) 24. Nd6 $1 {[%emt 0:04:39]} Bxd6 {[%emt 0:00:52]} 25. exd6 {[%emt 0:01:55]} Ba4 {[%emt 0:06:38]} ({Reject} 25... Qxa2 $6 {[#]} 26. d5 $1 $18 {[%mdl 512]}) (25... Qa3 $142 26. Qxa3 bxa3) 26. Rc1 {[%emt 0:03:42]} Nf6 {[%emt 0:05:25]} 27. d5 {[%emt 0:04:01]} Nxd5 {[%emt 0:00:04]} 28. Bd4 {[%emt 0:02:42]} Ne7 {[%emt 0:23:28]} 29. Bxg7 {[%emt 0:05:14]} Kxg7 30. dxe7 {[%emt 0:00:05]} Rg8 {[%emt 0:04:58]} 31. Rc4 {[%emt 0:02:19]} h5 {[%emt 0:06:16]} 32. Qxh5 {[%emt 0:01:13]} Qc7 {[%emt 0:00:23]} 33. Qg5+ {[%emt 0:03:04]} Kh7 {[%emt 0:00:05]} 34. Qh5+ {[%emt 0:00:24]} Kg7 {[%emt 0:00:04]} 35. Rg4+ {[%emt 0:00:34]} Kf6 {[%emt 0:00:05]} 36. Rf4+ {[%emt 0:00:07]} 1-0

[Event "Elitserien Allsvenskan 2018-19"]
[Site "Sweden"]
[Date "2019.03.29"]
[Round "7.4"]
[White "Ernst, Thomas"]
[Black "Lindgren, Mats"]
[Result "1-0"]
[WhiteElo "2330"]
[BlackElo "2159"]
[Annotator "TA"]
[PlyCount "35"]
[EventDate "2018.11.09"]
[EventType "team-tourn"]
[EventCountry "SWE"]
[SourceTitle "playchess.com"]
[Source "ChessBase"]
[SourceQuality "1"]

{[%evp 20,35,24,15,20,28,28,0,0,0,0,-19,-20,-20,-26,-22,959,634]} 1. e4 e6 2. d4 d5 3. Nc3 Bb4 4. e5 c5 5. a3 Bxc3+ 6. bxc3 Ne7 7. Qg4 Kf8 8. Bd2 Qc7 9. Bd3 b6 10. Nf3 {C18: French: 3 Nc3 Bb4: Main line: 7 h4 and 7 Qg4} (10. h4 Ba6 11. h5 h6 12. Rh3 Bxd3 13. cxd3 Nbc6 14. Qf4 Kg8 15. Ne2 Rf8 16. Kf1 Nf5 17. g4 Nfe7 {1-0 (42) Leko,P (2691)-Akobian,V (2647) Riadh 2017}) 10... Ba6 11. O-O {LiveBook: 3 Games} Bxd3 12. cxd3 {The position is equal.} c4 13. Ng5 {[#] Threatens to win with Qxe6!} h6 $1 {[%cal Rh6g5]} 14. Qh5 $146 {[%csl Gg5][%cal Rh5f7][%mdl 128] White mounts an attack.} ({Predecessor:} 14. Nh3 cxd3 15. Nf4 Nbc6 16. Qxe6 Qb7 17. Qh3 Na5 18. Qxd3 {1-0 (28) Dragomirescu,R (2090)-Oncel,I (2206) Predeal 2006}) 14... g6 15. Qh3 Kg7 16. Nxe6+ fxe6 17. Qxe6 Qc6 $2 {[%mdl 8192] [#]} (17... Qd7 $11 18. Qf6+ Kg8) 18. Qxe7+ 1-0